LEADER 01227nam a2200289 i 4500 001 000000257476 003 CaOOAMICUS 005 20180228000000.0 008 180228s2009 it u000 u ita u 013 $a236384 020 $a978-88-7135-382-1 040 $aSeMil$bita 100 1 $aCarrozzino, Michela.$0(OLS)http://semarc/name/36649 245 10$aLuigi Guanella :$bpassò facendo del bene /$cMichela Carrozzino. 260 $aGorle :$bVelar,$c2009. 300 $a46 p. :$bill. ;$c21 cm. 490 0 $aCollana blu "Messaggeri d'amore" protagonisti della fede ;$v90 500 $aOmaggio card. Dionigi Tettamanzi. 600 14$aGuanella, Luigi .$0(OLS)http://semarc/subject/9717 830 0$aCollana blu : messaggeri d'amore, protagonisti della fede ;$v90.$0(OLS)http://semarc/title/38058 850 $aSeMil 852 $aSeMil$W1$xVenegono$y1$m5B III 50/8$j207822$B207822$CSeMilBibl$Z2$F221768 $81 941 1 $a5 961 $aLascito: Tettamanzi Card. Dionigi 996 $6020$a978-88-7135-382-1$9(OLS)http://semarc/number/282263 996 $6245$aLuigi Guanella :$bpassò facendo del bene$9(OLS)http://semarc/title/288627 996 $6260$aGorle :$bVelar$9(OLS)http://semarc/publisher/33489 LEADER 01265nam a2200229 i 4500 001 000000080470 003 CaOOAMICUS 005 20090722000000.0 008 090722s1910 sz u000 u ger u 013 $a52708 040 $aSeMil$bita 245 10$aEinleitung :$bStudien zur Geschichte der katholischen Schweiz im Zeitalter Carlo Borromeo's /$cvon Heinrich Reinhardt ; nach des Verfassers Tode fortgesetzt und herausgegeben von Franz Steffens. 260 $aSolothurn :$bDruck und Commissionsverlag der Union,$c1910. 300 $aCDXXXIV :$britr. ;$c25 cm. 700 1 $aSteffens, Franz <1853-1930>.$0(OLS)http://semarc/name/9725 700 1 $aReinhardt, Heinrich .$0(OLS)http://semarc/name/9726 773 0 $tNuntiaturberichte aus der Schweiz seit dem Concil von Trient nebst ergänzenden Aktenstücken.$dSolothurn : Druck und Commissionsverlag der Union $w()21725 850 $aSeMil 852 $aSeMil$W1$xVenegono$y1$m3C V 13$j45941$B45941$CSeMilBibl$Z2$F48067 $81 961 $aRecupero: Altro 996 $6245$aEinleitung :$bStudien zur Geschichte der katholischen Schweiz im Zeitalter Carlo Borromeo's$9(OLS)http://semarc/title/128209 996 $6260$aSolothurn :$bDruck und Commissionsverlag der Union$9(OLS)http://semarc/publisher/43422